Cyclisme: Top 100 du Classement UCI de l'année 2023 - Statistiques

Statistiques générales
  • Ce quiz a été pris 792 fois
  • Le résultat moyen est 47 sur 100
Statistiques - réponses
Rang Équipe Coureur % Correct
1er UAE Team Emirates Tadej Pogacar
99%
2ème Jumbo - Visma Jonas Vingegaard
98%
5ème Jumbo - Visma Wout van Aert
96%
7ème Alpecin - Deceuninck Mathieu van der Poel
94%
3ème Soudal Quick-Step Remco Evenepoel
94%
4ème Jumbo - Visma Primoz Roglic
93%
8ème UAE Team Emirates Adam Yates
92%
11ème Team Jayco-AlUla Simon Yates
92%
9ème Alpecin - Deceuninck Jasper Philipsen
90%
6ème Lidl - Trek Mads Pedersen
87%
40ème Groupama-FDJ David Gaudu
85%
21ème Groupama-FDJ Thibaut Pinot
82%
35ème Cofidis Guillaume Martin
79%
50ème Team dsm - firmenich Romain Bardet
79%
16ème Jumbo - Visma Sepp Kuss
78%
31ème INEOS Grenadiers Geraint Thomas
75%
87ème Soudal Quick-Step Julian Alaphilippe
73%
14ème Lotto Dstny Arnaud De Lie
71%
10ème UAE Team Emirates João Almeida
71%
27ème Groupama-FDJ Valentin Madouas
71%
18ème Jumbo - Visma Christophe Laporte
70%
29ème UAE Team Emirates Juan Ayuso
68%
28ème INEOS Grenadiers Thomas Pidcock
67%
38ème INEOS Grenadiers Carlos Rodriguez
66%
49ème Movistar Team Enric Mas
66%
23ème Groupama-FDJ Stefan Kung
65%
98ème Groupama-FDJ Lenny Martinez
64%
19ème Bahrain - Victorious Mikel Landa
62%
95ème EF Education-EasyPost Richard Carapaz
62%
53ème AG2R Citroen Team Ben O'Connor
61%
33ème AG2R Citroen Team Felix Gall
61%
36ème BORA-hansgrohe Jai Hindley
60%
17ème Bahrain - Victorious Pello Bilbao
60%
20ème Bahrain - Victorious Matej Mohoric
59%
76ème Team Arkéa Samsic Arnaud Démare
56%
85ème Lotto Dstny Caleb Ewan
56%
26ème BORA-hansgrohe Aleksandr Vlasov
55%
15ème INEOS Grenadiers Filippo Ganna
55%
39ème Lidl - Trek Giulio Ciccone
54%
47ème Israel - Premier Tech Michael Woods
53%
46ème Astana Qazaqstan Team Alexey Lutsenko
52%
73ème Soudal Quick-Step Tim Merlier
52%
13ème Lidl - Trek Mattias Skjelmose Jensen
50%
22ème EF Education-EasyPost Ben Healy
47%
12ème UAE Team Emirates Marc Hirschi
46%
32ème Jumbo - Visma Tiesj Benoot
46%
69ème Uno-X Pro Cycling Team Alexander Kristoff
45%
25ème EF Education-EasyPost Neilson Powless
43%
56ème Team Jayco-AlUla Dylan Groenewegen
42%
55ème Cofidis Ion Izagirre
42%
41ème Movistar Team Matteo Jorgenson
42%
51ème Team Jayco-AlUla Michael Matthews
42%
72ème Groupama-FDJ Romain Gregoire
42%
62ème Uno-X Pro Cycling Team Tobias Halland Johannessen
42%
93ème Cofidis Victor Lafay
41%
65ème Cofidis Bryan Coquard
40%
77ème Bahrain - Victorious Jonathan Milan
40%
30ème Jumbo - Visma Olav Kooij
40%
88ème Soudal Quick-Step Kasper Asgreen
38%
79ème Bahrain - Victorious Wout Poels
38%
68ème Lotto Dstny Maxim Van Gils
37%
52ème UAE Team Emirates Brandon McNulty
35%
57ème INEOS Grenadiers Pavel Sivakov
35%
71ème Lidl - Trek Jasper Stuyven
34%
42ème Bahrain - Victorious Damiano Caruso
33%
24ème Alpecin - Deceuninck Kaden Groves
33%
74ème INEOS Grenadiers Tao Geoghegan Hart
32%
78ème Soudal Quick-Step Yves Lampaert
31%
54ème Soudal Quick-Step Ilan Van Wilder
29%
45ème Bahrain - Victorious Santiago Buitrago
29%
89ème UAE Team Emirates Jay Vine
28%
61ème BORA-hansgrohe Jordi Meeus
28%
37ème Intermarché - Circus - Wanty Rui Costa
27%
86ème UAE Team Emirates Juan Sebastian Molano
26%
58ème Cofidis Axel Zingle
25%
66ème Alpecin - Deceuninck Søren Kragh Andersen
25%
67ème Israel - Premier Tech Derek Gee
24%
97ème Cofidis Jesus Herrada
23%
90ème UAE Team Emirates Matteo Trentin
23%
64ème BORA-hansgrohe Lennard Kamna
22%
43ème Movistar Team Alex Aranburu
20%
44ème Lotto Dstny Florian Vermeersch
20%
96ème TotalEnergies Matthieu Burgaudeau
20%
80ème BORA-hansgrohe Danny Van Poppel
19%
70ème Uno-X Pro Cycling Team Rasmus Tiller
18%
34ème Soudal Quick-Step Andrea Bagioli
17%
48ème Lotto Dstny Andreas Kron
17%
83ème BORA-hansgrohe Cian Uijtdebroeks
16%
60ème Intermarché - Circus - Wanty Gerben Thijssen
16%
75ème Movistar Team Einer Rubio
15%
100ème UAE Team Emirates Diego Ulissi
14%
92ème Team Jayco-AlUla Filippo Zana
14%
82ème Team dsm - firmenich Sam Welsford
14%
99ème Uno-X Pro Cycling Team Søren Wærenskjold
13%
59ème Lidl - Trek Toms Skujins
12%
63ème Israel - Premier Tech Corbin Strong
11%
84ème Intermarché - Circus - Wanty Lorenzo Rota
10%
81ème Lotto Dstny Milan Menten
9%
91ème Astana Qazaqstan Team Simone Velasco
9%
94ème Soudal Quick-Step Mauro Schmid
8%
Aucun quiz correspondant
Distribution des résultats
% des personnes avec chaque résultat
Percentile par nombre de réponses
Votre historique - résultats
Vous n’avez pas pris ce quiz